Prehľad zmien v predpísanej forme súvahy v Slovenskej republike od roku 1993 bakalárska práca

Na minha lista:
Detalhes bibliográficos
Autor principal: Poláková, Pavlína
Autor Corporativo: Fakulta hospodárskej informatiky EU. Katedra účtovníctva a audítorstva
Outros Autores: Surový, Vladimír
Formato: Livro
Idioma:eslovaco
Publicado em: Bratislava 2012
Tags: Adicionar Tag
Sem tags, seja o primeiro a adicionar uma tag!

MARC

LEADER 00000nbm a2200000 4500
001 0156393
005 20161109111957.9
041 0 |a slo 
044 |a SK 
245 1 0 |a Prehľad zmien v predpísanej forme súvahy v Slovenskej republike od roku 1993  |b bakalárska práca  |c Pavlína Poláková ; školiteľ: Vladimír Surový 
264 1 |a Bratislava  |c 2012 
300 |a 40 s. 
100 1 |a Poláková, Pavlína 
700 1 |a Surový, Vladimír 
710 2 |a Fakulta hospodárskej informatiky EU. Katedra účtovníctva a audítorstva